[Event "41st Olympiad Women 2014"]
[Site "Tromso NOR"]
[Date "2014.08.11"]
[Round "9.48"]
[Board "1"]
[White "Lopang, Tshepiso"]
[Black "Frijde, Reyna"]
[Result "1-0"]
[WhiteTitle "WIM"]
[BlackTitle "WCM"]
[WhiteElo "1778"]
[BlackElo "1607"]
[WhiteTeam "Botswana"]
[BlackTeam "Surinam"]
[WhiteFideId "11300515"]
[BlackFideId "8200335"]
[EventDate "2014.08.02"]

1. d4 d5 2. Nf3 Nf6 3. Bf4 e6 4. e3 Be7 5. c4 O-O 6. Nc3 c6 7. cxd5 exd5 8. Be2
Bd6 9. Bxd6 Qxd6 10. O-O Bf5 11. Rc1 Nbd7 12. a3 Bg6 13. h3 Ne4 14. Bd3 Ndf6 15.
Bxe4 Nxe4 16. Ne5 Rac8 17. b4 Rc7 18. Nxe4 Bxe4 19. Qa4 f6 20. Ng4 b6 21. Qd1
Rfc8 22. Qd2 c5 23. dxc5 bxc5 24. bxc5 Rxc5 25. Qb4 Qb6 26. Rxc5 Rxc5 27. Qxb6
axb6 28. Ra1 b5 29. Kf1 Kf7 30. g3 Bd3+ 31. Ke1 Rc7 32. Kd2 Bc4 33. Rc1 Ra7 34.
Rc3 Ke6 35. Nh2 Rd7 36. Nf3 Kf5 37. Nd4+ Ke5 38. f3 g5 39. Rc1 f5 40. Nc6+ Kd6
41. Nd4 Ke5 42. f4+ gxf4 43. gxf4+ Kf6 44. Rg1 h6 45. Kc3 Re7 46. Rg3 Re8 47. h4
Ra8 48. Kb2 Re8 49. h5 Bd3 50. Kc3 Bc4 51. Rg6+ Kf7 52. Nxf5 Ra8 53. Nxh6+ Kf8
54. Rg8+ 1-0

[Event "41st Olympiad Women 2014"]
[Site "Tromso NOR"]
[Date "2014.08.11"]
[Round "9.48"]
[Board "2"]
[White "Ramos Dos, Rosangela"]
[Black "Francis, Onkemetse"]
[Result "1/2-1/2"]
[WhiteTitle "WCM"]
[BlackTitle "WFM"]
[WhiteElo "1723"]
[BlackElo "1735"]
[WhiteTeam "Surinam"]
[BlackTeam "Botswana"]
[WhiteFideId "8200521"]
[BlackFideId "11301287"]
[EventDate "2014.08.02"]

1. e4 e5 2. Bc4 Nf6 3. d3 Bc5 4. Nf3 d6 5. O-O O-O 6. c3 Nc6 7. b4 Bb6 8. a4 a5
9. b5 Ne7 10. Qb3 Ng6 11. h3 h6 12. Re1 Nh5 13. Be3 Qf6 14. Bxb6 cxb6 15. Qd1
Nhf4 16. Kh2 Be6 17. Nbd2 Bd7 18. Nf1 Ne7 19. Ne3 Rac8 20. Rc1 Qg6 21. Nh4 Qg5
22. Nf3 Qh5 23. Ng1 Qg5 24. Nf3 Qf6 25. h4 g5 26. g3 Ne6 27. Kg2 Nc5 28. Rh1 Kg7
29. h5 Rfd8 30. Nh2 Kh7 31. Nhg4 Qg7 32. f3 f5 33. Nf2 fxe4 34. fxe4 Rf8 35.
Nfg4 Ng8 36. Ra1 Nf6 37. Qe2 Ncxe4 38. dxe4 Nxg4 39. Nxg4 Bxg4 40. Qxg4 Rxc4 41.
Ra3 Qf7 42. Qe2 d5 43. exd5 Qxd5+ 44. Kh2 Qc5 45. Rf1 1/2-1/2

[Event "41st Olympiad Women 2014"]
[Site "Tromso NOR"]
[Date "2014.08.11"]
[Round "9.48"]
[Board "3"]
[White "Botlhole, Kgalalelo"]
[Black "Romalho, Gelique"]
[Result "1/2-1/2"]
[WhiteTitle "WFM"]
[WhiteElo "1762"]
[BlackElo "1537"]
[WhiteTeam "Botswana"]
[BlackTeam "Surinam"]
[WhiteFideId "11300469"]
[BlackFideId "8201080"]
[EventDate "2014.08.02"]

1. d4 d5 2. Bf4 Bf5 3. e3 Nf6 4. c4 e6 5. Nc3 Bd6 6. Bxd6 Qxd6 7. Qb3 b6 8. Rc1
c6 9. Nf3 O-O 10. Be2 Nbd7 11. O-O dxc4 12. Bxc4 c5 13. Rfd1 Qe7 14. Be2 cxd4
15. Nxd4 Nc5 16. Nxf5 exf5 17. Qb4 Rfd8 18. h3 Rxd1+ 19. Rxd1 Nfe4 20. Nxe4 Qxe4
21. Qc3 Qe7 22. Bf3 Rd8 23. Rxd8+ Qxd8 24. b4 Ne4 25. Qe5 g6 26. Bxe4 fxe4 27.
Qxe4 Qd1+ 28. Kh2 Qd6+ 29. g3 Qd2 30. Kg2 Qxa2 1/2-1/2

[Event "41st Olympiad Women 2014"]
[Site "Tromso NOR"]
[Date "2014.08.11"]
[Round "9.48"]
[Board "4"]
[White "Adhin, Anviti"]
[Black "Francis, Thapelo"]
[Result "1/2-1/2"]
[WhiteTitle "WCM"]
[BlackTitle "WFM"]
[WhiteElo "1622"]
[BlackElo "1723"]
[WhiteTeam "Surinam"]
[BlackTeam "Botswana"]
[WhiteFideId "8201200"]
[BlackFideId "11301317"]
[EventDate "2014.08.02"]

1. c4 e5 2. Nc3 Bb4 3. g3 Nf6 4. Bg2 Nc6 5. d3 h6 6. Bd2 O-O 7. e3 d6 8. Nge2
Bf5 9. e4 Be6 10. O-O Bxc3 11. Nxc3 Nh7 12. Rc1 Nb4 13. Be3 Nc6 14. Nd5 f5 15.
f4 fxe4 16. Bxe4 Nf6 17. Nxf6+ Qxf6 18. Qd2 exf4 19. Rxf4 Qe7 20. b3 Rxf4 21.
Bxf4 Bd7 22. Bd5+ Kh7 23. Be4+ Kg8 24. Bd5+ Kh7 25. Be4+ Kg8 26. Bd5+ 1/2-1/2

[Event "41st Olympiad Women 2014"]
[Site "Tromso NOR"]
[Date "2014.08.11"]
[Round "9.49"]
[Board "1"]
[White "Zsiltzova-Lisenko, Lubov"]
[Black "Ptacnikova, Lenka"]
[Result "0-1"]
[WhiteTitle "WIM"]
[BlackTitle "WGM"]
[WhiteElo "2262"]
[BlackElo "2273"]
[WhiteTeam "IBCA"]
[BlackTeam "Iceland"]
[WhiteFideId "14101360"]
[BlackFideId "305650"]
[EventDate "2014.08.02"]

1. e4 d6 2. d4 Nf6 3. Nc3 Nbd7 4. f4 e5 5. Nf3 exd4 6. Qxd4 c6 7. Bd2 d5 8. exd5
Bc5 9. Qd3 O-O 10. O-O-O Qc7 11. Ng5 Bd6 12. dxc6 bxc6 13. Qf3 Rb8 14. Nce4 Be7
15. Bd3 h6 16. Nxf6+ Bxf6 17. c3 hxg5 18. h4 g4 19. Qe4 g6 20. Bc4 Kg7 21. h5
Nc5 22. Qe3 Qb6 23. b3 Bf5 24. hxg6 fxg6 25. Rde1 Ne4 26. Qe2 Qa5 27. b4 Qa3+
28. Kd1 Rfd8 29. Qxe4 Bxe4 30. Rxe4 Qxc3 0-1

[Event "41st Olympiad Women 2014"]
[Site "Tromso NOR"]
[Date "2014.08.11"]
[Round "9.49"]
[Board "2"]
[White "Thorsteinsdottir, Hallgerdur"]
[Black "Stolarczyk, Anna"]
[Result "1-0"]
[BlackTitle "WCM"]
[WhiteElo "1982"]
[BlackElo "1994"]
[WhiteTeam "Iceland"]
[BlackTeam "IBCA"]
[WhiteFideId "2302454"]
[BlackFideId "1126423"]
[EventDate "2014.08.02"]

1. d4 d5 2. c4 e6 3. Nf3 c6 4. e3 Nf6 5. b3 Bd6 6. Bb2 O-O 7. Bd3 Nbd7 8. Nbd2
Qc7 9. Rc1 b6 10. O-O Bb7 11. Qe2 e5 12. cxd5 Nxd5 13. Nc4 exd4 14. Nxd6 Qxd6
15. Nxd4 N7f6 16. Rfd1 c5 17. Nf5 Qe6 18. Qf3 Rfd8 19. Qg3 g6 20. Qg5 Ne8 21. e4
Ndf6 22. Bc4 Qxe4 23. Nh6+ Kf8 24. Re1 Qc6 25. Nxf7 Rd4 26. Bxd4 cxd4 27. Re6
Qxg2+ 28. Qxg2 Bxg2 29. Kxg2 Kxf7 30. Rxb6+ Kg7 31. Rb7+ Kh6 32. Rd1 Nd6 33. Rc7
Nf5 34. Be6 Nh4+ 35. Kh3 Nf3 36. Kg3 Ng5 37. Bc4 Nfe4+ 38. Kg2 Rf8 39. Rf1 Nd2
40. Re1 Nde4 41. Re2 Nc3 42. Rc2 Nf3 43. Rc1 Nh4+ 44. Kh3 g5 45. Rf7 Rd8 46. f4
Ne4 47. fxg5+ Nxg5+ 48. Kxh4 Nxf7 49. Bxf7 d3 50. Rd1 Rd4+ 51. Kg3 Kg5 52. Bc4
d2 53. Kf3 a5 54. Ke3 Rh4 55. Rxd2 a4 56. Kd3 axb3 57. axb3 Kf5 58. Kc3 Ke5 59.
b4 Rh3+ 60. Kb2 Rh4 61. Kb3 h5 62. b5 Kf6 63. b6 Rg4 64. b7 1-0

[Event "41st Olympiad Women 2014"]
[Site "Tromso NOR"]
[Date "2014.08.11"]
[Round "9.49"]
[Board "3"]
[White "Debowska, Teresa"]
[Black "Finnbogadottir, Tinna Kristin"]
[Result "0-1"]
[WhiteTitle "FM"]
[WhiteElo "1708"]
[BlackElo "1915"]
[WhiteTeam "IBCA"]
[BlackTeam "Iceland"]
[WhiteFideId "1120816"]
[BlackFideId "2300214"]
[EventDate "2014.08.02"]

1. e4 d5 2. e5 d4 3. f4 Nh6 4. Nf3 e6 5. Be2 Be7 6. O-O O-O 7. Ne1 Bd7 8. c3 Bc6
9. d3 dxc3 10. bxc3 Nf5 11. Nf3 Bc5+ 12. Kh1 Be3 13. Na3 Nd7 14. Nc2 Ba4 15. g4
Bxc1 16. Qxc1 Nh4 17. Ne3 Bc6 18. Kg1 Nc5 19. Nxh4 Qxh4 20. Qe1 Qh3 21. Qg3
Qxg3+ 22. hxg3 Rad8 23. Rfd1 Ba4 24. Rdb1 Rb8 25. Kh2 Rfd8 26. d4 Ne4 27. Rc1 c5
28. d5 exd5 29. Nf5 Kf8 30. Bd3 Nf2 31. Be2 g6 32. Nd6 Ne4 33. Bb5 Bxb5 34. Nxb5
a6 35. Na3 d4 36. cxd4 Rxd4 37. Re1 Rd2+ 38. Kh3 Nf2+ 39. Kh4 Nd3 40. Rh1 Nb2
41. Kg5 Kg7 42. Rag1 Rh8 43. Rh6 Nd3 44. Nc4 Re2 45. Nd6 Ne1 46. Rf1 Re3 47. f5
Rxe5 48. Rhh1 f6+ 49. Kh4 Nd3 50. g5 gxf5 51. gxf6+ Kxf6 52. g4 f4 53. g5+ Kg6
54. Rhg1 b5 55. Rf3 c4 56. a4 Rd8 57. Nb7 Rd7 58. Na5 Rc7 59. axb5 axb5 60. Rg4
Re2 61. Rgxf4 Nxf4 62. Rxf4 Re6 63. Rf8 Ra6 64. Rg8+ Kf7 0-1

[Event "41st Olympiad Women 2014"]
[Site "Tromso NOR"]
[Date "2014.08.11"]
[Round "9.49"]
[Board "4"]
[White "Johannsdottir, Johanna Bjorg"]
[Black "Valner, Shafiga"]
[Result "1-0"]
[BlackTitle "WCM"]
[WhiteElo "1862"]
[BlackElo "1849"]
[WhiteTeam "Iceland"]
[BlackTeam "IBCA"]
[WhiteFideId "2303108"]
[BlackFideId "24161276"]
[EventDate "2014.08.02"]

1. e4 c5 2. Nf3 Nc6 3. c3 d5 4. exd5 Qxd5 5. d4 e6 6. Na3 a6 7. Nc4 Qd8 8. Bg5
Nf6 9. dxc5 Qxd1+ 10. Rxd1 Bxc5 11. b4 Ba7 12. Bxf6 gxf6 13. Bd3 b5 14. Nd6+ Ke7
15. Be4 Bd7 16. O-O Rab8 17. Rfe1 Bb6 18. a3 Bc7 19. Nf5+ Ke8 20. Nh6 Ne5 21.
Nxe5 Bxe5 22. Nxf7 Kxf7 23. Rxd7+ Kg8 24. Bb7 Kf8 25. Re3 Ke8 26. Bc6 Kf8 27. f4
Bxf4 28. Rxe6 Be5 29. Ree7 Bd6 30. Rf7+ Ke8 31. Rxf6 Bf8 32. Re6+ 1-0

[Event "41st Olympiad Women 2014"]
[Site "Tromso NOR"]
[Date "2014.08.11"]
[Round "9.50"]
[Board "1"]
[White "Gjergji, Rozana"]
[Black "Jennitha, Anto K."]
[Result "1/2-1/2"]
[WhiteTitle "WCM"]
[BlackTitle "WIM"]
[WhiteElo "1981"]
[BlackElo "1964"]
[WhiteTeam "Albania"]
[BlackTeam "IPCA"]
[WhiteFideId "4700147"]
[BlackFideId "5018218"]
[EventDate "2014.08.02"]

1. e4 c5 2. Nf3 d6 3. c3 Nf6 4. Bd3 e6 5. Bc2 Be7 6. O-O O-O 7. d4 Nbd7 8. Nbd2
Qc7 9. Re1 e5 10. Nf1 b6 11. Ng3 Re8 12. Nf5 Bf8 13. Bg5 h6 14. Be3 exd4 15.
cxd4 Nxe4 16. Bxh6 Ndf6 17. N3h4 Bxf5 18. Nxf5 gxh6 19. Bxe4 d5 20. Bd3 Rxe1+
21. Qxe1 Re8 22. Qd1 cxd4 23. Qf3 Qe5 24. Rd1 Bg7 25. b3 Re6 26. h3 Ne4 27. g4
Rc6 28. Kg2 Rc3 29. Qe2 Nc5 30. Nxh6+ Kf8 31. Qxe5 Bxe5 32. Bb1 Ne6 33. f3 Nf4+
34. Kg3 Ng6+ 35. Kf2 Nf4 36. Kg3 Ng6+ 37. Kf2 Nf4 38. Kg3 1/2-1/2

[Event "41st Olympiad Women 2014"]
[Site "Tromso NOR"]
[Date "2014.08.11"]
[Round "9.50"]
[Board "2"]
[White "Melnik, Galina"]
[Black "Tuzi, Bruna"]
[Result "0-1"]
[WhiteTitle "WIM"]
[BlackTitle "WCM"]
[WhiteElo "2017"]
[BlackElo "1759"]
[WhiteTeam "IPCA"]
[BlackTeam "Albania"]
[WhiteFideId "4121929"]
[BlackFideId "4701100"]
[EventDate "2014.08.02"]

1. d4 d5 2. Nf3 Nf6 3. c4 dxc4 4. e3 e6 5. Bxc4 a6 6. O-O c5 7. Qe2 b5 8. Bb3 c4
9. Bc2 Bb7 10. b3 cxb3 11. Bxb3 Qc7 12. Bb2 Be7 13. Nbd2 Nbd7 14. Rfc1 Qb6 15.
e4 O-O 16. Qd3 Rfd8 17. Bc2 Nf8 18. Qb3 a5 19. Bd3 b4 20. Qa4 Rdc8 21. Ne5 Qd6
22. f3 Qd8 23. Nb3 N8d7 24. Rxc8 Qxc8 25. Rc1 Qd8 26. Nc6 Bxc6 27. Qxc6 a4 28.
Nd2 Nb6 29. Qc2 Ne8 30. Nc4 Nxc4 31. Bxc4 Nd6 32. Bd3 a3 33. Ba1 Rc8 34. Qb1 Bg5
35. Rd1 Qb6 36. Kf1 Nc4 37. Bxc4 Rxc4 38. d5 exd5 39. exd5 Qc5 40. Qf5 Rc1 41.
Qd3 Rxd1+ 42. Qxd1 Qc4+ 43. Ke1 Qxa2 44. f4 Bd8 45. d6 Qe6+ 46. Qe2 Qxe2+ 47.
Kxe2 b3 48. Kd3 b2 49. Bxb2 axb2 50. Kc2 Kf8 51. Kxb2 Ke8 52. Kc3 Kd7 53. Kd4
Kxd6 54. g4 g6 55. Ke4 Ke6 56. h3 f5+ 57. Ke3 Kd5 0-1

[Event "41st Olympiad Women 2014"]
[Site "Tromso NOR"]
[Date "2014.08.11"]
[Round "9.50"]
[Board "3"]
[White "Kerciku, Suzana"]
[Black "Kurochkina, Elena"]
[Result "1-0"]
[WhiteElo "1519"]
[BlackElo "1797"]
[WhiteTeam "Albania"]
[BlackTeam "IPCA"]
[WhiteFideId "4700783"]
[BlackFideId "24145890"]
[EventDate "2014.08.02"]

1. e4 c5 2. Nf3 Nc6 3. d4 cxd4 4. Nxd4 e5 5. Nb5 a6 6. Nd6+ Bxd6 7. Qxd6 Qe7 8.
Qxe7+ Ngxe7 9. Nc3 O-O 10. Be3 d6 11. Bc4 Na5 12. Bd5 Nxd5 13. Nxd5 Nc4 14. Bc1
Be6 15. Nc7 Rac8 16. Nxe6 fxe6 17. b3 Nb6 18. Be3 Rc6 19. Rd1 Nc8 20. c4 b5 21.
cxb5 axb5 22. O-O Rc2 23. Rd2 Rc6 24. Rfd1 Rd8 25. f4 exf4 26. Bxf4 Rf8 27. Bxd6
Re8 28. Be5 Ra6 29. Rd8 Kf7 30. Rxe8 Kxe8 31. Bxg7 Rxa2 32. Ra1 Rxa1+ 33. Bxa1
Nd6 34. e5 Ne4 35. b4 Kd7 36. Kf1 Kc6 37. Ke2 Kd5 38. Ke3 Ng5 39. h4 Nf7 40. Bc3
Kc4 41. Bd2 Nxe5 42. h5 Kd5 43. Kf4 h6 44. g4 Nf7 45. Bc3 Kc4 46. Bd2 Kd4 47.
Be3+ Kd3 48. Bc5 Kc4 49. Be7 Kd4 50. g5 hxg5+ 51. Bxg5 e5+ 52. Kf5 e4 53. Bf6+
Kd3 54. Kg6 e3 55. Kxf7 e2 56. Bh4 Kd2 57. h6 1-0

[Event "41st Olympiad Women 2014"]
[Site "Tromso NOR"]
[Date "2014.08.11"]
[Round "9.50"]
[Board "4"]
[White "Kaydanovich, Marina"]
[Black "Shabanaj, Alda"]
[Result "0-1"]
[WhiteTitle "WIM"]
[WhiteElo "1851"]
[BlackElo "1881"]
[WhiteTeam "IPCA"]
[BlackTeam "Albania"]
[WhiteFideId "4134877"]
[BlackFideId "4700597"]
[EventDate "2014.08.02"]

1. d4 Nf6 2. Bg5 h6 3. Bxf6 gxf6 4. Nf3 d6 5. e4 Bg4 6. h3 Bh5 7. g4 Bg6 8. Bd3
Bg7 9. c3 Nd7 10. Nbd2 c6 11. Qc2 Qb6 12. Nc4 Qc7 13. Ne3 e6 14. h4 O-O-O 15. h5
Bh7 16. O-O-O Kb8 17. Kb1 d5 18. Rh3 Qf4 19. exd5 Bxd3 20. Qxd3 cxd5 21. Rg3 Nb6
22. Rf1 Rc8 23. Nd2 Rc7 24. Nb3 Rhc8 25. Nc1 Qd6 26. f4 Nc4 27. Nxc4 dxc4 28.
Qe3 e5 29. Ne2 Re7 30. f5 exd4 31. Qxd4 Qc7 32. Nf4 Rd8 33. Qf2 Red7 34. Rgg1
Rd2 35. Qf3 Qb6 36. b4 cxb3 37. a3 Qd6 38. Rg2 Qxa3 0-1

[Event "41st Olympiad Women 2014"]
[Site "Tromso NOR"]
[Date "2014.08.11"]
[Round "9.51"]
[Board "3"]
[White "Lowry-O'Reilly, Hannah"]
[Black "Berhe, Azeb Asmelash"]
[Result "0-1"]
[WhiteTitle "WFM"]
[WhiteElo "1731"]
[BlackElo "1464"]
[WhiteTeam "Ireland"]
[BlackTeam "Ethiopia"]
[WhiteFideId "2501597"]
[BlackFideId "15700291"]
[EventDate "2014.08.02"]

1. d4 d5 2. c4 e6 3. Nc3 Nf6 4. e3 c5 5. Nf3 Nc6 6. dxc5 Bxc5 7. cxd5 Nxd5 8.
Nxd5 Qxd5 9. Qxd5 exd5 10. Bb5 O-O 11. Bxc6 bxc6 12. O-O Bb6 13. b3 Re8 14. Bb2
Ba6 15. Rfd1 Be2 16. Re1 Bxf3 17. gxf3 Re6 18. Kh1 Rae8 19. Rg1 g6 20. f4 f5 21.
h4 h5 22. Rac1 Bd8 23. a4 Bxh4 24. Kg2 Bd8 25. Rc2 Bf6 26. Ba3 Kh7 27. Rgc1 Rc8
28. b4 Be7 29. Rc3 Kg8 30. b5 Bxa3 31. Rxa3 c5 32. Rac3 c4 33. Kh3 Kf7 34. Kh4
Kf6 35. Rd1 Rd6 36. Kg3 Rc5 37. Rdc1 Re6 38. Rd1 Re8 39. Kf3 Rh8 40. Rb1 Rb8 41.
Rc2 h4 42. Rh1 Rh8 43. Rd1 Ke6 44. Rg1 Kf6 45. Rd1 Rh5 46. Rh1 g5 47. fxg5+ Kxg5
48. Rg1+ Kf6 49. Kf4 Rc8 50. Rcc1 Rch8 51. a5 h3 52. b6 axb6 53. axb6 Rh4+ 54.
Kf3 R4h7 55. Kg3 Rg8+ 56. Kh2 Rxg1 57. Rxg1 Rb7 58. Rb1 Ke6 59. Kxh3 Kd6 60. Kg3
Kc5 61. Kf3 Rxb6 62. Rxb6 Kxb6 63. Ke2 Kc5 64. Kd2 d4 65. exd4+ Kxd4 66. Kc2 f4
67. Kd2 f3 68. Kc2 c3 69. Kd1 Kd3 70. Kc1 Ke2 71. Kc2 Kxf2 0-1

[Event "41st Olympiad Women 2014"]
[Site "Tromso NOR"]
[Date "2014.08.11"]
[Round "9.52"]
[Board "1"]
[White "Hashimoto, Azumi"]
[Black "Diaz, Maria M.A."]
[Result "1/2-1/2"]
[BlackTitle "WFM"]
[WhiteElo "1712"]
[BlackElo "2029"]
[WhiteTeam "Japan"]
[BlackTeam "Netherlands Antilles"]
[WhiteFideId "7001800"]
[BlackFideId "7500114"]
[EventDate "2014.08.02"]

1. d4 Nf6 2. c4 e5 3. dxe5 Ng4 4. Bf4 Bb4+ 5. Nd2 Nc6 6. Nf3 Qe7 7. e3 Ngxe5 8.
Nxe5 Nxe5 9. Be2 O-O 10. O-O Bxd2 11. Qxd2 a5 12. Rac1 Ra6 13. c5 Rg6 14. Qxa5
b6 15. cxb6 Bb7 16. f3 Nc6 17. Qc5 cxb6 18. Qxe7 Nxe7 19. Bd3 Re6 20. e4 d5 21.
Rfe1 dxe4 22. Bxe4 Bxe4 23. Rxe4 Rxe4 24. fxe4 Ng6 25. Bg3 f5 26. exf5 Rxf5 27.
Rf1 Ra5 28. a3 Rd5 29. Bc7 Rd2 30. Rf2 Rd1+ 31. Rf1 Rd2 32. Bxb6 Rxb2 33. Bc5 h6
34. h3 Rc2 35. Bb4 Ne5 36. Rf8+ Kh7 37. Rf2 Rc1+ 38. Rf1 Rc4 39. Bd6 Nd3 40. Rd1
Nb2 41. Rd2 Rc1+ 42. Kh2 Nc4 43. Rd3 Ra1 44. Bb4 Ra2 45. Rc3 Nd2 46. Rd3 Nc4 47.
Rc3 1/2-1/2

[Event "41st Olympiad Women 2014"]
[Site "Tromso NOR"]
[Date "2014.08.11"]
[Round "9.52"]
[Board "4"]
[White "Salim-Moussa, Seydi"]
[Black "Hasegawa, Emi"]
[Result "1/2-1/2"]
[WhiteTitle "WCM"]
[BlackTitle "WCM"]
[WhiteElo "1724"]
[BlackElo "1698"]
[WhiteTeam "Netherlands Antilles"]
[BlackTeam "Japan"]
[WhiteFideId "7500440"]
[BlackFideId "7000103"]
[EventDate "2014.08.02"]

1. e4 c6 2. Nc3 d5 3. exd5 cxd5 4. d4 Nc6 5. Nf3 Bg4 6. Be2 Nf6 7. O-O e6 8. a3
a6 9. Re1 Bd6 10. Ne5 Bxe2 11. Rxe2 O-O 12. Qd3 Re8 13. Bg5 Rc8 14. Rae1 Be7 15.
Bxf6 Bxf6 16. Re3 Ne7 17. f4 g6 18. g4 Qd6 19. g5 Bg7 20. Ne2 Nf5 21. Rf3 Rc7
22. c3 Qb6 23. Rb1 Rec8 24. Qd2 Bf8 25. Rff1 Qd6 26. Kf2 b5 27. Rh1 Qe7 28. h4
f6 29. gxf6 Qxf6 30. h5 Rg7 31. Ng4 Qd8 32. hxg6 Rxg6 33. Ne5 Rg7 34. Rbg1 Rc7
35. Qd3 Rxg1 36. Rxg1+ Rg7 37. Qh3 Bd6 38. Rxg7+ Kxg7 39. Qg4+ Kf8 40. Qh5 Bxe5
41. fxe5 Qh4+ 42. Qxh4 Nxh4 43. Nf4 Kf7 44. Nd3 Nf5 45. b4 Ne7 46. Nc5 Nc8 47.
Nxa6 Na7 48. Nc5 Nc6 49. a4 bxa4 50. Nxa4 Na7 51. Nb2 Kg6 52. c4 dxc4 53. Nxc4
Nb5 54. Ke3 h5 55. Nd6 Nc3 56. b5 Nd5+ 57. Kf3 Nb6 58. Ne4 Nd5 59. Kg3 Kf5 60.
Nf6 Nb6 61. Nxh5 Ke4 1/2-1/2

[Event "41st Olympiad Women 2014"]
[Site "Tromso NOR"]
[Date "2014.08.11"]
[Round "9.53"]
[Board "1"]
[White "Blackman, Katrina"]
[Black "Taweesupmun, Chanida"]
[Result "1-0"]
[WhiteTitle "WCM"]
[BlackTitle "WCM"]
[WhiteElo "1627"]
[BlackElo "1838"]
[WhiteTeam "Barbados"]
[BlackTeam "Thailand"]
[WhiteFideId "11100540"]
[BlackFideId "6200117"]
[EventDate "2014.08.02"]

1. e4 e5 2. Nf3 Nc6 3. Bc4 Bc5 4. c3 Nf6 5. d3 a6 6. Bb3 d6 7. Nbd2 Ba7 8. h3 h6
9. O-O O-O 10. Re1 Be6 11. Bc2 Qd7 12. Nf1 Rfe8 13. Ng3 d5 14. exd5 Bxd5 15. Be3
Bxe3 16. Rxe3 Nh7 17. Nh4 Be6 18. Qh5 Nf6 19. Qf3 Nd5 20. Ree1 g5 21. Nhf5 Bxf5
22. Nxf5 Nf4 23. Nxh6+ Kg7 24. Ng4 f6 25. Rad1 Rad8 26. Ne3 Rh8 27. d4 exd4 28.
Nf5+ Kf8 29. Nxd4 Nxd4 30. Rxd4 Qc8 31. Rxd8+ Qxd8 32. Qxb7 Qd6 33. Qe4 Qd7 34.
Ba4 Qxa4 1-0

[Event "41st Olympiad Women 2014"]
[Site "Tromso NOR"]
[Date "2014.08.11"]
[Round "9.53"]
[Board "2"]
[White "Atthaworadej, Worasuda"]
[Black "Murray, Donna"]
[Result "1-0"]
[WhiteTitle "WCM"]
[WhiteElo "1749"]
[BlackElo "1454"]
[WhiteTeam "Thailand"]
[BlackTeam "Barbados"]
[WhiteFideId "6201563"]
[BlackFideId "11102470"]
[EventDate "2014.08.02"]

1. e4 e6 2. d4 d5 3. Nc3 Bb4 4. e5 c5 5. Bd2 cxd4 6. Nb5 Bxd2+ 7. Qxd2 Qb6 8.
Nd6+ Kd7 9. Nxf7 Qxb2 10. Rc1 Nh6 11. Nxh8 Nc6 12. Nf3 Kc7 13. Bd3 Bd7 14. O-O
Rxh8 15. Rb1 Qc3 16. Qf4 Nb4 17. Rb3 Qc5 18. Rfb1 Rf8 19. Qxd4 Qxd4 20. Nxd4
Nxd3 21. Rxb7+ Kd8 22. Rb8+ Ke7 23. Rxf8 Kxf8 24. cxd3 Nf5 25. Nxf5 exf5 26. Rb7
Ke7 27. Rxa7 Ke6 28. d4 g5 29. a4 h5 30. a5 Bc6 31. Ra6 Kd7 32. e6+ Kc7 33.
Rxc6+ Kxc6 34. e7 Kd7 35. a6 Kxe7 36. a7 f4 37. a8=Q 1-0

[Event "41st Olympiad Women 2014"]
[Site "Tromso NOR"]
[Date "2014.08.11"]
[Round "9.54"]
[Board "1"]
[White "Vilhete, Vania Fausto Da T."]
[Black "Lin, Yu-Tong Elaine"]
[Result "0-1"]
[WhiteTitle "WIM"]
[BlackTitle "WCM"]
[WhiteElo "1832"]
[BlackElo "1519"]
[WhiteTeam "Mozambique"]
[BlackTeam "Chinese Taipei"]
[WhiteFideId "14800144"]
[BlackFideId "16300149"]
[EventDate "2014.08.02"]

1. d4 f5 2. c4 e6 3. Nf3 Nf6 4. Nc3 d5 5. Bg5 c6 6. e3 Bd6 7. Bd3 Nbd7 8. Qc2
O-O 9. O-O Qe8 10. cxd5 cxd5 11. Nb5 Bb8 12. Nc7 Bxc7 13. Qxc7 Ne4 14. Bf4 Rf7
15. Qc2 h6 16. Ne5 Nxe5 17. Bxe5 Bd7 18. f3 Nf6 19. Rac1 Bb5 20. Bxb5 Qxb5 21.
Qd2 Nd7 22. Bg3 Nb6 23. b3 Rc8 24. Rxc8+ Nxc8 25. Rc1 Nb6 26. Rc5 Qe8 27. Qc2
Kh7 28. a4 Nd7 29. Rc8 Qe7 30. Rc7 Qb4 31. Kf1 Re7 32. Be1 Qb6 33. a5 Qb5+ 34.
Kg1 Kg8 35. Bh4 g5 36. Be1 Kf7 37. b4 Nf6 38. Rxe7+ Kxe7 39. Qc5+ Qxc5 40. dxc5
Kd7 41. b5 a6 42. c6+ Kc8 43. cxb7+ Kxb7 44. b6 Nd7 45. Kf1 Kc6 46. Ke2 Nc5 47.
Bb4 Nb7 48. Kd3 Kb5 49. Be1 Kc5 50. Bc3 e5 51. h4 gxh4 52. Bd2 e4+ 53. Ke2 Kc4
54. Be1 h5 55. f4 d4 56. exd4 Kxd4 57. Bd2 Kd5 58. Ke3 Kc4 59. Be1 Kd5 60. Bc3
Kc4 61. Kd2 e3+ 62. Kc2 e2 63. Be1 Kd4 64. Bd2 Ke4 65. Kb3 e1=Q 66. Bxe1 Kxf4
67. Kc4 Ke4 68. Kb4 h3 69. gxh3 f4 70. Kc4 f3 71. h4 Nxa5+ 72. Bxa5 f2 73. b7
f1=Q+ 74. Kc5 Qb5+ 75. Kd6 Qxb7 0-1

[Event "41st Olympiad Women 2014"]
[Site "Tromso NOR"]
[Date "2014.08.11"]
[Round "9.54"]
[Board "3"]
[White "Castro, Neusa Aridas De"]
[Black "Liao, Jo-Yu"]
[Result "1/2-1/2"]
[WhiteElo "1467"]
[BlackElo "1478"]
[WhiteTeam "Mozambique"]
[BlackTeam "Chinese Taipei"]
[WhiteFideId "14800250"]
[BlackFideId "16300459"]
[EventDate "2014.08.02"]

1. e4 e5 2. Nf3 Nc6 3. Bc4 Bc5 4. O-O Nf6 5. d3 h6 6. Nc3 d6 7. h3 O-O 8. Na4
Bb6 9. Nxb6 axb6 10. a3 Be6 11. Ba2 Bxa2 12. Rxa2 b5 13. Bd2 b4 14. Ra1 bxa3 15.
bxa3 Ra4 16. Nh2 Ne7 17. f4 exf4 18. Rxf4 Ng6 19. Rf1 d5 20. exd5 Qxd5 21. Kh1
Nh4 22. Nf3 Nh5 23. Qe1 Nxf3 24. Rxf3 Ra6 25. Qf2 Rf6 26. Rxf6 Nxf6 27. Bxh6 Ng4
28. hxg4 gxh6 29. Qf4 Qc6 30. c4 Qd6 31. Qxd6 cxd6 32. a4 Ra8 33. Kg1 Kg7 34.
Kf2 Kf6 35. g3 Ke6 36. Ke3 d5 37. cxd5+ Kxd5 38. Ra3 b5 39. a5 b4 40. Ra1 b3 41.
a6 b2 42. Rb1 Rxa6 43. Rxb2 Ke6 44. Rh2 Ke7 45. Rh3 Rg6 46. Rh4 Re6+ 47. Kd4
Rd6+ 48. Kc3 Rc6+ 49. Kd2 Rd6 50. Rh5 Rd4 51. g5 hxg5 52. Rxg5 f6 53. Rf5 Ke6
54. Rf3 f5 55. Kc3 Ra4 56. Rf4 Ra3+ 57. Kc4 Ra4+ 58. Kb3 Ra7 59. Kc3 Rc7+ 60.
Kd2 Rg7 61. Rf3 Rg4 62. Kc3 Ra4 63. Kd2 Ra2+ 64. Ke3 Ra3 65. Kf4 Ra4+ 66. Ke3
Ra3 67. Rf1 Ra4 68. Rg1 Rg4 69. Kd2 f4 70. Ke2 Rxg3 71. Rxg3 fxg3 72. Kf3 Kd5
73. Kxg3 Kd4 1/2-1/2

[Event "41st Olympiad Women 2014"]
[Site "Tromso NOR"]
[Date "2014.08.11"]
[Round "9.58"]
[Board "1"]
[White "Lyons, Kieran"]
[Black "Jumba, Gloria"]
[Result "1-0"]
[WhiteTitle "WFM"]
[WhiteElo "1811"]
[BlackElo "1507"]
[WhiteTeam "Fiji"]
[BlackTeam "Kenya"]
[WhiteFideId "11400102"]
[BlackFideId "10800794"]
[EventDate "2014.08.02"]

1. e4 e5 2. Nf3 Nf6 3. Nxe5 d6 4. Nf3 Nxe4 5. Bc4 d5 6. Bb3 Be7 7. d3 Nf6 8. Bf4
Nc6 9. Nc3 a6 10. O-O O-O 11. Re1 Bg4 12. h3 d4 13. Ne4 Bh5 14. Ng3 Bg6 15. Nh4
Kh8 16. a3 Bd6 17. Qf3 Bxf4 18. Qxf4 Nh5 19. Nxh5 Bxh5 20. Nf3 Bxf3 21. Qxf3 Qd7
22. Re4 Rae8 23. Rae1 Rxe4 24. Rxe4 f5 25. Rh4 Qe7 26. Rxh7+ 1-0